Využívanie dizajnu v marketingu a v procese tvorby Corporate Identity diplomová práca
Guardado en:
| Autor principal: | |
|---|---|
| Autor Corporativo: | |
| Otros Autores: | |
| Formato: | Libro |
| Lenguaje: | eslovaco |
| Publicado: |
Bratislava
2009
|
| Etiquetas: |
Sin Etiquetas, Sea el primero en etiquetar este registro!
|
MARC
| LEADER | 00000nam$a2200000$$$4500 | ||
|---|---|---|---|
| 001 | 0097477 | ||
| 005 | 20240319125449.5 | ||
| 041 | 0 | |a slo | |
| 044 | |a SK | ||
| 245 | 1 | 0 | |a Využívanie dizajnu v marketingu a v procese tvorby Corporate Identity |b diplomová práca |c Timotej Strieš ; škol. Jozef Mlákay |
| 264 | 1 | |a Bratislava |c 2009 | |
| 300 | |a 98 s. | ||
| 100 | 1 | |a Strieš, Timotej | |
| 700 | 1 | |a Mlákay, Jozef | |
| 710 | 2 | |a Obchodná fakulta EU. Katedra tovaroznalectva a kvality tovaru | |